00398nam a2200121Ia 4500008004100000041000800041082001600049100001700065245008800082260003800170300001900208520004900227240719s9999 xx 000 0 und d aeng a338.064 KAP aKapoor Mansi aGlobal Business Environment Shifting Paradigms In The Fourth Industrial Revolution  aNew DelhibSage Publicationc2019 a239.; P. 24 Cm aGifted By : IMT Faculty Prof. Sayan Banerjee